| 000 | 00357nam a2200133Ia 4500 | ||
|---|---|---|---|
| 008 | 240624s9999 xx 000 0 und d | ||
| 041 | _aeng | ||
| 082 | _a361.766 SAR | ||
| 100 | _aSARMA A M | ||
| 245 | _aASPECTS OF LABOUR WELFARE AND SOCIAL SEC | ||
| 260 |
_c2008 _aExch.Mumbai _bHimalaya Publishing House |
||
| 300 | _a284 : p. : cm. ; 26 | ||
| 365 |
_cRS _b25 |
||
| 999 |
_c9667 _d9667 |
||